Diaspora-Czech Republic - Statistics

General Stats
  • This quiz has been taken 286 times
  • The average score is 16 of 20
Answer Stats
Number of immigrants Continent Country % Correct
1.462.000 North America United States of America
100%
94.805 North America Canada
97%
60.000 Europe Germany
96%
45.000 Europe United Kingdom
93%
5.000 South America Brazil
90%
38.000 Europe France
89%
30.367 Europe Slovakia
89%
45.000 South America Argentina
88%
20.196 Oceania Australia
88%
40.324 Europe Austria
88%
5.000-6.000 Asia/ Europe Russia
87%
5.622 Europe Spain
87%
40.000 Europe Italy
83%
8.600 South America Chile
73%
7.175 Europe Sweden
72%
20.000 Europe Switzerland
67%
11.000 Europe Ukraine
63%
5.451 Europe Ireland
62%
9.641 Europe Croatia
55%
50.000 Asia Israel
48%
No matching quizzes found
Score Distribution
Percent of People with Each Score
Percentile by Number Answered
Your Score History
You have not taken this quiz